Papeles de trabajo (Registro nro. 2068)

Detalles MARC
000 -LEADER
fixed length control field 00826 a2200205 4500
001 - CONTROL NUMBER
control field 30247
005 - DATE AND TIME OF LATEST TRANSACTION
control field 20260407155614.0
008 - FIXED-LENGTH DATA ELEMENTS--GENERAL INFORMATION
fixed length control field 260407a arg spa d
003 - CONTROL NUMBER IDENTIFIER
control field AR-UNSa-BCEJYS
040 ## - CATALOGING SOURCE
Original cataloging agency AR-UNSa-BCEJYS
Language of cataloging spa
Transcribing agency AR-UNSa-BCEJYS
080 ## - UNIVERSAL DECIMAL CLASSIFICATION NUMBER
Universal Decimal Classification number 657.635
Common auxiliary subdivision Informes y certificaciones de los auditores<br/>
100 1# - MAIN ENTRY--PERSONAL NAME
Personal name Svidovsky, Marcelo
245 10 - TITLE STATEMENT
Title Papeles de trabajo
Name of part/section of a work algunos modelos para revisión de afirmaciones de estados contables
264 #1 - PRODUCTION, PUBLICATION, DISTRIBUTION, MANUFACTURE, AND COPYRIGHT NOTICE
Place of production, publication, distribution, manufacture Buenos Aires :
Name of producer, publisher, distributor, manufacturer Tesis
300 ## - PHYSICAL DESCRIPTION
Extent 100 p.
Dimensions 29 cm.
505 ## - FORMATTED CONTENTS NOTE
Formatted contents note 1. Disponibilidades - 2. Inversiones - 3. Créditos - 4. Bienes de cambio - 5. Bienes de uso - 6. Deudas - 7. Previsiones - 8. Utilidades diferidas - 9. Patrimonio neto - 10. Resultados - 11. Generales
590 ## - LOCAL NOTE (RLIN)
Local note niveau_biblio:m niveau_hierar:0
700 1# - ADDED ENTRY--PERSONAL NAME
Personal name Brojt, David
942 ## - ADDED ENTRY ELEMENTS (KOHA)
Koha item type
Existencias
Withdrawn status Lost status Damaged status Not for loan Home library Current library Shelving location Date acquired Total checkouts Full call number Barcode Date last seen Price effective from Koha item type
        Biblioteca Prof. Eusebio Cleto del Rey Biblioteca Prof. Eusebio Cleto del Rey   07/04/2026   657.635 B863 L39999 07/04/2026 07/04/2026 Libro
        Biblioteca Prof. Eusebio Cleto del Rey Biblioteca Prof. Eusebio Cleto del Rey   07/04/2026   657.635 B863 L39998 07/04/2026 07/04/2026 Libro
        Biblioteca Prof. Eusebio Cleto del Rey Biblioteca Prof. Eusebio Cleto del Rey   07/04/2026   657.635 B863 L40000 07/04/2026 07/04/2026 Libro
        Biblioteca Prof. Eusebio Cleto del Rey Biblioteca Prof. Eusebio Cleto del Rey   07/04/2026   657.635 B863 L44001 07/04/2026 07/04/2026 Libro
        Biblioteca Prof. Eusebio Cleto del Rey Biblioteca Prof. Eusebio Cleto del Rey   07/04/2026   657.635 B863 L44002 07/04/2026 07/04/2026 Libro